000 00299nam a2200121Ia 4500
008 191201s1995 xx 000 0 und d
100 _aJAIN, Anil K.
245 0 _aFundamentals of Digital Image Processing
260 _aN. Delhi
_bPHI
_c1995
300 _a569
650 _aB.Tech(ECE)
942 _2ddc
_cBK
999 _c412
_d412